Statistiques concernant Le pays correspondant à sa capitale (Océanie)

Cliquez ici pour prendre le quiz!

Statistiques générales

  • Ce quiz a été pris 697 fois
    (306 depuis la dernière actualisation)
  • Le résultat moyen est 11 sur 14

Statistiques - réponses

CapitalesPays% Correct
CanberraAustralie
99%
WellingtonNouvelle-Zélande
93%
SuvaFidji
86%
Port MoresbyPapouasie-Nouvelle Guinée
85%
ApiaSamoa
84%
Nuku'AlofaTonga
84%
FunafutiTuvalu
83%
Port-VilaVanuatu
81%
PalikirMicronésie
79%
HoniaraSalomon
76%
YarenNauru
74%
TarawaKiribati
70%
Delap-Uliga-DaritIles Marshall
68%
MelekeokPalaos
68%

Distribution des résultats

Percentile par nombre de réponses

% des personnes avec chaque résultat

Votre développement - résultats

Vous n’avez pas pris ce quiz depuis la dernière actualisation